Historia general de América.
Sparad:
| Huvudupphovsman: | |
|---|---|
| Materialtyp: | Bok |
| Språk: | spanska |
| Publicerad: |
Santiago, Chile:
Ediciones Ercilla,
1944.
Madrid, España: Ediciones Rodas, 1972. |
| Upplaga: | 10a. edición puesta al día. |
| Serie: | Ensayos Históricos, Memorias y Afines. Colección de Bolsillo Selección Zig-Zag, 15.
|
| Ämnen: | |
| Taggar: |
Lägg till en tagg
Inga taggar, Lägg till första taggen!
|
MARC
| LEADER | 00000cam a2200000 a 4500 | ||
|---|---|---|---|
| 001 | UCO2909 | ||
| 003 | CL-VaPUC | ||
| 005 | 20220822114345.0 | ||
| 008 | 000608e19720000CL |||||||||||||||||spa|d | ||
| 999 | |c 289399 |d 289397 | ||
| 040 | |c Pontificia Universidad Católica de Valparaíso | ||
| 082 | 0 | 4 | |a 980 SAN 1972 |2 21 |
| 100 | 0 | |a Sánchez, Luis Alberto |e autor |9 446641 | |
| 245 | 1 | 0 | |a Historia general de América. |
| 250 | |a 10a. edición puesta al día. | ||
| 260 | |a Santiago, Chile: |b Ediciones Ercilla, |c 1944. | ||
| 260 | |a Madrid, España: |b Ediciones Rodas, |c 1972. | ||
| 300 | |a 3 Tomos. | ||
| 490 | 0 | |a Ensayos Históricos, Memorias y Afines. Colección de Bolsillo Selección Zig-Zag, 15. | |
| 500 | |a c.4 Tomo I: Donación Familia Prof. Alejandro Guzmán Brito. c.4 Tomo II: Donación Familia Prof. Alejandro Guzmán Brito. c.4 Tomo III: Donación Familia Prof. Alejandro Guzmán Brito. | ||
| 583 | |a last modification |c 20130528 12:47:06 |k Rodrigo Vera | ||
| 650 | 0 | |a Historia de América |9 266076 | |
| 650 | 0 | |a Descubrimiento y Conquista de América |9 446281 | |
| 650 | 0 | |a Independencia Americana |9 395691 | |
| 942 | |c BK |2 ddc |n 0 | ||
| 945 | |d 20000608 00:00:00 |a rherrera | ||
| 952 | |0 0 |1 0 |4 0 |6 980_000000000000000_SAN_1972 |7 0 |8 A |9 337759 |a BIBHIS |b BIBHIS |d 2019-11-20 |h t.1 |i 1289012 |o 980 SAN 1972 |p 1289012 |r 2025-01-20 |w 2019-11-20 |y BK |k HIS | ||
| 952 | |0 0 |1 0 |4 0 |6 980_000000000000000_SAN_1972 |7 0 |8 A |9 337760 |a BIBHIS |b BIBHIS |d 2019-11-20 |h t.2 |i 1289020 |o 980 SAN 1972 |p 1289020 |r 2025-01-20 |w 2019-11-20 |y BK |k HIS | ||
| 952 | |0 0 |1 0 |4 0 |6 980_000000000000000_SAN_1972 |7 0 |8 A |9 337761 |a BIBEDU |b BIBEDU |d 2019-11-20 |h t.1 |i 4974360 |o 980 SAN 1972 |p 4974360 |r 2019-11-20 |w 2019-11-20 |y BK |k LIT | ||
| 952 | |0 0 |1 0 |4 0 |6 980_000000000000000_SAN_1972 |7 0 |8 A |9 337762 |a BIBEDU |b BIBEDU |d 2019-11-20 |h t.2 |i 4974379 |l 1 |o 980 SAN 1972 |p 4974379 |r 2024-10-07 |s 2024-10-07 |w 2019-11-20 |y BK |k LIT | ||
| 952 | |0 0 |1 0 |4 0 |6 980_000000000000000_SAN_1972 |7 0 |8 A |9 337763 |a BIBEDU |b BIBEDU |d 2019-11-20 |h t.3 |i 4974387 |o 980 SAN 1972 |p 4974387 |r 2019-11-20 |w 2019-11-20 |y BK |k LIT | ||
| 952 | |0 0 |1 0 |3 erb |4 0 |6 980_000000000000000_SAN_1972 |7 0 |8 A |9 337764 |a BIBHIS |b BIBHIS |d 2019-11-20 |h t.1 |i 5021901 |o 980 SAN 1972 |p 5021901 |r 2025-01-20 |w 2019-11-20 |y BK |z Catalogado en:20131018 |k HIS | ||
| 952 | |0 0 |1 0 |3 erb |4 0 |6 980_000000000000000_SAN_1972 |7 0 |8 A |9 337765 |a BIBHIS |b BIBHIS |d 2019-11-20 |h t.2 |i 502191K |o 980 SAN 1972 |p 502191K |r 2025-01-20 |w 2019-11-20 |y BK |z Catalogado en:20131018 |k HIS | ||
| 952 | |0 0 |1 0 |3 erb |4 0 |6 980_000000000000000_SAN_1972 |7 0 |8 A |9 337766 |a BIBHIS |b BIBHIS |d 2019-11-20 |h t.3 |i 5021928 |o 980 SAN 1972 |p 5021928 |r 2025-01-20 |w 2019-11-20 |y BK |z Catalogado en:20131018 |k HIS | ||